000 02560nam a22003617a 4500
005 20120305120339.0
010 _aENG-104860 B-462354-358 G-002128 B-463552
020 _a9788189738945
_c1250.00
035 _aEN-88393 B-462354-358 B-463552
037 _bDBAD/PUB
037 _bK.K.Pub/Ven
082 _a759.95414
100 _aSom, Sovon
_952157
245 _aTagore’s paintings :
_cby Sovon Som.; edited by Madhuparna Banerjee
_bversification in line /
260 _aNew Delhi
_bNiyogi Books
_c2011
270 _aD-78, Okhla Industrial Area, Phase-I
_bNew Delhi
_e110020
300 _a95p. :
_c28cm(Hb)
_bill. (chiefly col.)
500 _aIncludes bibliographical references (p. 87) and index.
600 _aTagore, Rabindranath
_d 1861-1941.
_xThemes, motives.
_952158
650 _aPainting, Indic
_xThemes, motives.
_952159
700 _aBanerjee,Madhuparna
_943393
942 _2ddc
_cEN
_h759.95414
_mSOM
999 _c63753
_d63753